Les postures de yoga - Statistiques

Statistiques générales
  • Ce quiz a été pris 7 fois
  • Le résultat moyen est 9 sur 87
Statistiques - réponses
Postures de yoga % Correct
Posture de l'enfant
80%
Posture du chien tête en bas
80%
Posture de l'arbre
60%
Posture du cobra
60%
Posture de l'aigle
40%
Posture du chat
40%
Posture du guerrier
40%
Posture du héros
40%
Posture de la chaise
20%
Posture de la chandelle
20%
Posture de la charnière
20%
Posture de la charrue
20%
Posture de la grue/du corbeau
20%
Posture de la montagne
20%
Posture de la pince
20%
Posture de l'arc
20%
Posture de la sauterelle
20%
Posture de la tête de vache
20%
Posture de la tortue
20%
Posture du bateau
20%
Posture du cadavre
20%
Posture du chameau
20%
Posture du chien tête en haut
20%
Posture du lotus
20%
Posture du papillon
20%
Posture du pigeon
20%
Posture du pont
20%
Posture du singe: grand écart
20%
Posture du triangle
20%
Posture aisée
0%
Posture auspicieuse
0%
Posture aux 8 angles
0%
Posture debout
0%
Posture de la déesse du sommeil
0%
Posture de la demi-grenouille
0%
Posture de la demi-lune
0%
Posture de la demi-pince
0%
Posture de la guirlande
0%
Posture de la luciole
0%
Posture de l'angle lié
0%
Posture de l'angle ouvert
0%
Posture de la pince debout
0%
Posture de la planche sur le côté
0%
Posture de la planche vers le haut
0%
Posture de la roue
0%
Posture de la sauge
0%
Posture de la spirale
0%
Posture de la tortue à l'envers
0%
Posture de l'échelle
0%
Posture de l'éclair
0%
Posture de Matsyendra
0%
Posture de Shiva
0%
Posture des pieds écartés
0%
Posture d'étirement latéral
0%
Posture du bâton
0%
Posture du bâton à quatre pieds
0%
Posture du coq
0%
Posture du crocodile
0%
Posture du danseur
0%
Posture du demi-pont
0%
Posture du diamant
0%
Posture du gardien
0%
Posture du grand angle
0%
Posture du grand angle retourné
0%
Posture du gros orteil incliné
0%
Posture du héron
0%
Posture du héros allongé
0%
Posture du lion rugissant
0%
Posture du lotus lié
0%
Posture du lotus tête en bas
0%
Posture du noeud
0%
Posture du paon
0%
Posture du pendentif
0%
Posture du pigeon royal sur une jambe
0%
Posture du poirier
0%
Posture du poisson
0%
Posture du Sage Kaudinya
0%
Posture du scorpion
0%
Posture du triangle étendu
0%
Posture du triangle retourné
0%
Posture en demi-flexion debout
0%
Posture en demi-sauterelle
0%
Posture en demi-torsion vertébrale
0%
Posture en torsion de Bharadvaja
0%
Posture parfaite
0%
Posture prospère
0%
Posture sur la tête
0%
Aucun quiz correspondant
Distribution des résultats
% des personnes avec chaque résultat
Percentile par nombre de réponses
Votre historique - résultats
Vous n’avez pas pris ce quiz